Soil and plant analysis in sustainable agriculture and environment / (Record no. 4823)
[ view plain ]
| 000 -LEADER | |
|---|---|
| fixed length control field | 00444cam a2200157ua 4500 |
| 003 - CONTROL NUMBER IDENTIFIER | |
| control field | OSt |
| 008 - FIXED-LENGTH DATA ELEMENTS--GENERAL INFORMATION | |
| fixed length control field | 240222b |||||||| |||| 00| 0 eng d |
| 041 ## - LANGUAGE CODE | |
| Language code of text/sound track or separate title | eng |
| 082 ## - DEWEY DECIMAL CLASSIFICATION NUMBER | |
| Classification number | 631.41 |
| Item number | HOO/SO |
| 100 ## - MAIN ENTRY--AUTHOR NAME | |
| Personal name | Hood, Teresa M . |
| 245 ## - TITLE STATEMENT | |
| Title | Soil and plant analysis in sustainable agriculture and environment / |
| 260 ## - PUBLICATION, DISTRIBUTION, ETC. (IMPRINT) | |
| Place of publication | Georgia : |
| Name of publisher | Micro-macro publishing , |
| Year of publication | 1997. |
| 300 ## - PHYSICAL DESCRIPTION | |
| Number of Pages | 863 ; . |
| 700 1# - ADDED ENTRY--PERSONAL NAME | |
| Personal name | Jones, Benton J . |
| 942 ## - ADDED ENTRY ELEMENTS (KOHA) | |
| Koha item type | Books |
| Withdrawn status | Lost status | Damaged status | Home library | Current library | Date acquired | Full call number | Accession Number | Koha item type |
|---|---|---|---|---|---|---|---|---|
| KAUAET | KAUAET | 24/11/2021 | 631.41 HOO/SO | 20389 | Books |
